La musique francaise de piano
Gorde:
| Egile nagusia: | |
|---|---|
| Formatua: | Liburua |
| Hizkuntza: | frantsesa |
| Argitaratua: |
París
Rieder
1932
|
| Saila: | Histoire des formes et des écoles musicales. Henry Prunieres
|
| Gaiak: | |
| Etiketak: |
Etiketa erantsi
Etiketarik gabe, Izan zaitez lehena erregistro honi etiketa jartzen!
|
MARC
| LEADER | 00000nam a2200000 a 4500 | ||
|---|---|---|---|
| 001 | UCW2417 | ||
| 003 | CL-VaPUC | ||
| 008 | 891206e19320000FR |||||||||||||||||fre|d | ||
| 082 | 0 | 4 | |a 786.20944 |b COR |2 21 |
| 100 | 0 | |a Cortot, Alfred |e author |9 306527 | |
| 245 | 1 | 3 | |a La musique francaise de piano |
| 300 | |a 2 v | ||
| 942 | |c BK | ||
| 945 | |d 19891206 00:00:00 |a oaravena | ||
| 260 | |a París |b Rieder |c 1932 | ||
| 500 | |a Obras musicales para piano | ||
| 500 | |a v.1: Claude Debussy, César Franck, Gabriel Fauré, Emmanuel Chabrier, Paul Dukas | ||
| 500 | |a v.2: Maurice Ravel, Saint-Saens, Vicent D'Indy, Florent Schmitt, Deodat de Séverac | ||
| 650 | 0 | |a Música para piano |9 306528 | |
| 650 | 0 | |a Música francesa |9 306438 | |
| 650 | 0 | |a Compositores |9 306451 | |
| 651 | 0 | |a Francia |9 255157 | |
| 583 | |a last modification |c 19891206 00:00:00 |k Rodrigo Vera | ||
| 490 | 0 | |a Histoire des formes et des écoles musicales. Henry Prunieres | |
| 999 | |c 216967 |d 216965 | ||
| 952 | |0 0 |1 0 |4 0 |6 786_209440000000000_COR_1932 |7 0 |8 A |9 203431 |a BIBEDU |b BIBEDU |d 2019-11-15 |h v.1 |i 2706660 |o 786.20944 COR 1932 |p 2706660 |r 2023-01-12 |w 2019-11-15 |y BK |k MUS | ||
| 952 | |0 0 |1 0 |4 0 |6 786_209440000000000_COR_1932 |7 0 |8 A |9 203432 |a BIBEDU |b BIBEDU |d 2019-11-15 |h v.2 |i 2706679 |o 786.20944 COR 1932 |p 2706679 |r 2023-01-12 |w 2019-11-15 |y BK |k MUS | ||